书目信息 |
| 题名: |
神秘的南极洲
|
|
| 作者: | 孙国维 编著 | |
| 分册: | ||
| 出版信息: | 北京 海洋出版社 1981 |
|
| 页数: | 228页 | |
| 开本: | 19cm | |
| 丛书名: | 海洋知识丛书 | |
| 单 册: | ||
| 中图分类: | P941.61 | |
| 科图分类: | ||
| 主题词: | ||
| 电子资源: | ||
| ISBN: | ||
| 000 | 00629nam2 2200241 45 | |
| 001 | 0181010396 | |
| 005 | 20060911090854.28 | |
| 010 | @dCNY0.60 | |
| 091 | @a12193.0063 | |
| 100 | @a19960215d1981 em y0chiy0121 ea | |
| 101 | 0 | @achi |
| 102 | @aCN@b110000 | |
| 105 | @ay z 000yy | |
| 200 | 10 | @a神秘的南极洲@Ashen mi de nan ji zhou@f孙国维编著 |
| 210 | @a北京@c海洋出版社@d1981 | |
| 215 | @a228页@d19cm | |
| 225 | 2 | @a海洋知识丛书 |
| 410 | 0 | @120010@a海洋知识丛书 |
| 607 | @a南极洲@x普及读物 | |
| 690 | @aP941.61@v3 | |
| 701 | 0 | @a孙国维@Asun guo wei@4编著 |
| 801 | 0 | @aCN@bTSSF@c20060911 |
| 905 | @a10447@dP941.61@e99 | |
| 神秘的南极洲/孙国维编著.-北京:海洋出版社,1981 |
| 228页;19cm.-(海洋知识丛书) |
| ISBN :CNY0.60 |
| ● |
| 相关链接 |
|
|
|
|
正题名:神秘的南极洲
索取号:P941.61/99
 
预约/预借
| 序号 | 登录号 | 条形码 | 馆藏地/架位号 | 状态 | 备注 |
| 1 | 0458707 | 204587072 | 密集书库/ [索取号:P941.61/99] | 在馆 | |
| 2 | 0475415 | 204754159 | 密集书库/ [索取号:P941.61/99] | 在馆 |